Athenaeum Tudományos, Criticai és Szépmüvészeti folýóirat

Bibliographic Details
Format: Journal
Language:Hungarian
PhysicalDescription:27 cm
Published: Pesten Kiadják Schedel És Vörösmarty [1838?]-1842
Subjects:

MARC

LEADER 00000nas a2200000 4500
001 vtls012279776
003 SK-MaSNL
005 20260228163522.0
008 250717d18411842hu cr p 000 b0hun
015 |a SNBHFB 
040 |a SNKHF  |b slo  |c SNKHF  |e rda 
041 0 |a hun 
044 |a hu  |c HU 
072 7 |a 82  |x Literatúra. Literárny život  |2 konspekt 
080 |a (051)-048.55  |2 2011 
080 |a 82  |2 2011 
245 0 0 |a Athenaeum  |b Tudományos, Criticai és Szépmüvészeti folýóirat 
264 1 |a Pesten  |b Kiadják Schedel És Vörösmarty  |c [1838?]-1842 
300 |c 27 cm 
310 |a 2x týždenne 
336 |a text  |b txt  |2 rdacontent 
337 |a bez média  |b n  |2 rdamedia 
338 |a zväzok  |b nc  |2 rdacarrierr 
561 |a Proveniencia: pečiatka Dr. E. Kadarász - ver. not. poz. Margity Zayovej Čís.12156.  |5 SNK ČB 2329/1841-1842 
588 |a Popis podľa: 1. szám. (1841) 
650 0 7 |a literatúra  |2 SNKPH  |9 1427 
655 7 |a špecializované časopisy  |2 SNKPH  |9 70509 
710 2 |a Schedel És Vörösmarty (Budapešť, Maďarsko)  |4 pbl  |9 274183 
752 |a Maďarsko  |d Budapešť 
852 |a snk  |b Zaiova knižnica: Zay 11607  |p ČB 2329/1841-1842 
958 |a DF 
999 |c 9722  |d 11652 
952 |0 0  |1 0  |4 0  |7 0  |8 5  |a SNK  |b SNK  |c SNK_HF  |d 2025-07-17  |i snk2025/11543  |l 0  |o snkČB 2329/1841-1842  |p 17A1489981  |r 2026-02-21 22:33:56  |t Zay 11607  |w 2026-02-21  |y PREZ